00769pam a2200229 a 45000010008000000030006000080050017000140080041000310100017000720200028000890400018001170500024001350820021001591000029001802450084002092600053002933000025003465040054003716300052004256300036004776500026005134031984GBCCL20241126110722.0980202s1998 mnu b 000 0 eng  a 98005540  a0814624944 (alk. paper) aDLCcDLCdDLC00aBS1430.2b.J45 199800a223.206221bJIN1 aJinkins, Michael,d1953-10aIn the house of the Lord :binhabiting the psalms of lament /cMichael Jinkins. aCollegeville, Minn. :bLiturgical Press,cc1998. aix, 142 p. ;c21 cm. aIncludes bibliographical references (p. 136-142).00aBible.pPsalmsxCriticism, interpretation, etc.00aBible.pPsalmsxLiturgical use. 0aLaments in the Bible.